| 000 | 00585nam a2200217 a 4500 | ||
|---|---|---|---|
| 001 | BRCA_8055 | ||
| 005 | 20190320210118.0 | ||
| 008 | 310314s1965----gw-o###f##---#001-0#ger-# | ||
| 041 | _ager | ||
| 044 | _agw | ||
| 050 | 4 |
_aHC282.5.M4 _b.A24 1965 |
|
| 100 | 1 |
_aAchinger, Hans _920015 |
|
| 245 | 1 | 0 |
_aWilhelm Merton _bin seiner Zeit _cHans Achinger. |
| 260 |
_aFrankfurt _bWaldemar Kramer _c1965 |
||
| 300 |
_a445 p. _bil., fotos _c22 cm. |
||
| 500 | _aY56 | ||
| 600 | 1 | 4 |
_aMerton, Wilhelm _d1848-1916 _920016 |
| 650 | 1 | 4 |
_aAlemanes _vBiografĂas _920017 |
| 902 | _aGFM | ||
| 942 |
_2lcc _cB |
||
| 999 |
_c7723 _d7723 |
||